[Event "Internet Section 06A g/8'+2\""]
[Site "Dos Hermanas"]
[Date "2004.03.06"]
[Round "1"]
[White "Iashvili, Akaki"]
[Black "Lopez Roca, Xavier"]
[Result "1-0"]
[WhiteElo "2342"]
[BlackElo "1838"]
[PlyCount "21"]
[EventDate "2004.03.06"]
[EventType "swiss (blitz)"]
[EventRounds "9"]
[EventCountry "ESP"]
[SourceTitle "CBM 099 Extra"]
[Source "ChessBase"]
[SourceDate "2004.05.04"]
[SourceVersion "1"]
[SourceVersionDate "2004.05.04"]
[SourceQuality "1"]

1. e4 e5 2. d4 exd4 3. c3 dxc3 4. Bc4 Nc6 5. Nxc3 Nf6 6. Nf3 Bb4 7. 0-0 d6 8. Nd5 Nxd5 9. exd5 Ne5 10. Nxe5 dxe5 11. Qa4+ 1-0

[Event "Internet Section 06A g/8'+2\""]
[Site "Dos Hermanas"]
[Date "2004.03.06"]
[Round "6"]
[White "Iashvili, Akaki"]
[Black "Sevillano, Enrico"]
[Result "1/2-1/2"]
[WhiteElo "2342"]
[BlackElo "2498"]
[PlyCount "99"]
[EventDate "2004.03.06"]
[EventType "swiss (blitz)"]
[EventRounds "9"]
[EventCountry "ESP"]
[SourceTitle "CBM 099 Extra"]
[Source "ChessBase"]
[SourceDate "2004.05.04"]
[SourceVersion "1"]
[SourceVersionDate "2004.05.04"]
[SourceQuality "1"]

1. e4 c5 2. d4 cxd4 3. c3 dxc3 4. Nxc3 Nc6 5. Nf3 d6 6. Bc4 e6 7. 0-0 Nf6 8. Qe2 Be7 9. Rd1 e5 10. h3 0-0 11. Bg5 a6 12. Rd2 Be6 13. Bxf6 Bxf6 14. Rad1 Nd4 15. Nxd4 exd4 16. Nd5 Bxd5 17. Bxd5 Qe7 18. Rc2 Rac8 19. Rdc1 Rxc2 20. Qxc2 Be5 21. Qd3 h6 22. g3 Kh8 23. Kg2 Qd7 24. Qc4 b5 25. Qc6 Qxc6 26. Rxc6 d3 27. Kf3 f5 28. exf5 Rxf5+ 29. Ke3 d2 30. Kxd2 Rxf2+ 31. Ke3 Rxb2 32. Rc8+ Kh7 33. Be4+ g6 34. Rc7+ Kg8 35. Bxg6 Bxg3 36. Kf3 Bh2 37. Ra7 b4 38. Rxa6 Kg7 39. Be4 Kf6 40. Bd5 Ke5 41. Bb3 Kf6 42. Rb6 Be5 43. Rxb4 Rh2 44. Rh4 Kg5 45. Rg4+ Kf6 46. Rh4 Kg5 47. Rg4+ Kf6 48. Rh4 Kg5 49. Rg4+ Kf6 50. Rh4 1/2-1/2

[Event "TUR-GEO Chess Summit"]
[Site "Ankara"]
[Date "2002.08.08"]
[Round "5"]
[White "Iashvili, Akaki"]
[Black "Erdogdu, Mert"]
[Result "1/2-1/2"]
[WhiteElo "2380"]
[BlackElo "2321"]
[PlyCount "31"]
[EventDate "2002.08.05"]
[EventType "schev"]
[EventRounds "12"]
[EventCountry "TUR"]
[SourceTitle "CBM 089 Extra"]
[Source "ChessBase"]
[SourceDate "2002.09.10"]
[SourceVersion "2"]
[SourceVersionDate "2002.09.10"]
[SourceQuality "1"]

1. d4 Nf6 2. c4 g6 3. Nc3 d5 4. cxd5 Nxd5 5. e4 Nxc3 6. bxc3 Bg7 7. Nf3 c5 8. Rb1 0-0 9. Be2 cxd4 10. cxd4 Qa5+ 11. Qd2 Qxd2+ 12. Bxd2 b6 13. Rc1 Bb7 14. d5 Rc8 15. Rxc8+ Bxc8 16. Bb4 1/2-1/2

[Event "TUR-GEO Chess Summit"]
[Site "Ankara"]
[Date "2002.08.05"]
[Round "1"]
[White "Iashvili, Akaki"]
[Black "Bayram, Yakup"]
[Result "0-1"]
[WhiteElo "2380"]
[BlackElo "2281"]
[PlyCount "82"]
[EventDate "2002.08.05"]
[EventType "schev"]
[EventRounds "12"]
[EventCountry "TUR"]
[SourceTitle "CBM 089 Extra"]
[Source "ChessBase"]
[SourceDate "2002.09.10"]
[SourceVersion "2"]
[SourceVersionDate "2002.09.10"]
[SourceQuality "1"]

1. d4 Nf6 2. c4 g6 3. Nc3 Bg7 4. e4 0-0 5. f4 c5 6. d5 e6 7. e5 Ne8 8. Nf3 d6 9. Be2 exd5 10. Nxd5 Nc6 11. exd6 Nxd6 12. 0-0 Nf5 13. Re1 Re8 14. Bd2 Be6 15. Bc3 Ncd4 16. Ne5 Bxd5 17. cxd5 Bxe5 18. fxe5 Rxe5 19. Bc4 Ne3 20. Bxd4 cxd4 21. Qxd4 Qg5 22. Bf1 Rd8 23. d6 Re6 24. Qxa7 Rdxd6 25. Qxb7 Kg7 26. Qf3 Rd2 27. Rac1 Rf6 28. Rxe3 Rxf3 29. Rxf3 Rxg2+ 30. Bxg2 Qxc1+ 31. Bf1 Qxb2 32. Rf2 Qd4 33. h3 h5 34. Kg2 h4 35. Rf3 Qd2+ 36. Rf2 Qd5+ 37. Kg1 f5 38. a4 g5 39. Bb5 g4 40. hxg4 fxg4 41. Re2 g3 0-1

[Event "WchT U26 11th"]
[Site "Roque Saenz Pena"]
[Date "1997.08.09"]
[Round "4"]
[White "Ginzburg, Maximiliano"]
[Black "Iashvili, Akaki"]
[Result "1-0"]
[WhiteElo "2450"]
[BlackElo "2425"]
[PlyCount "52"]
[EventDate "1997.08.06"]
[EventType "team-swiss"]
[EventRounds "9"]
[EventCountry "ARG"]
[SourceTitle "EXT 2020"]
[Source "ChessBase"]
[SourceDate "2019.10.17"]
[SourceVersion "1"]
[SourceVersionDate "2019.10.17"]
[SourceQuality "1"]
[WhiteTeam "Argentina"]
[BlackTeam "Georgia"]
[WhiteTeamCountry "ARG"]
[BlackTeamCountry "GEO"]

1. e4 c5 2. Nf3 d6 3. d4 cxd4 4. Nxd4 Nf6 5. Nc3 a6 6. f4 Nbd7 7. Bd3 g6 8. a4 Bg7 9. Nf3 b6 10. 0-0 Bb7 11. Qe1 e5 12. Kh1 0-0 13. fxe5 dxe5 14. Qh4 Nc5 15. Bg5 Nxd3 16. cxd3 Qd6 17. d4 Qe6 18. d5 Qd6 19. Nd2 Qb4 20. Bxf6 Bxf6 21. Qxf6 Qxb2 22. Nc4 Qxc3 23. Rac1 Qb3 24. Nd6 Bxd5 25. exd5 Qxd5 26. Nf5 gxf5 1-0

[Event "Formia op"]
[Site "Formia"]
[Date "1994.??.??"]
[Round "3"]
[White "Palac, Mladen"]
[Black "Iashvili, Akaki"]
[Result "1-0"]
[WhiteElo "2505"]
[BlackElo "2425"]
[PlyCount "71"]
[EventDate "1994.??.??"]
[EventType "swiss"]
[EventRounds "9"]
[EventCountry "ITA"]
[SourceTitle "EXT 1999"]
[Source "ChessBase"]
[SourceDate "1998.11.16"]
[SourceVersion "1"]
[SourceVersionDate "1998.11.16"]
[SourceQuality "1"]

1. e4 Nf6 2. e5 Nd5 3. d4 d6 4. Nf3 g6 5. Bc4 Nb6 6. Bb3 Bg7 7. 0-0 0-0 8. h3 Nc6 9. Qe2 dxe5 10. dxe5 Nd4 11. Nxd4 Qxd4 12. Re1 Be6 13. Nd2 c5 14. Bxe6 fxe6 15. Nf3 Qd5 16. b3 Nd7 17. Bg5 Nxe5 18. Nxe5 Rf5 19. Nf3 Bxa1 20. c4 Qxf3 21. Qxe6+ Kh8 22. gxf3 Rxg5+ 23. Kf1 Bf6 24. Qd7 b6 25. Rd1 Rf5 26. Rd5 Rxf3 27. Rxc5 bxc5 28. Qb7 Rf8 29. Qxf3 Kg7 30. Qb7 Bd4 31. Qxa7 Rxf2+ 32. Ke1 Kf6 33. b4 e5 34. bxc5 e4 35. Qc7 Be3 36. c6 1-0

[Event "Stockerau op"]
[Site "Stockerau"]
[Date "1993.??.??"]
[Round "7"]
[White "Cechalova, Eva"]
[Black "Iashvili, Akaki"]
[Result "0-1"]
[WhiteElo "2090"]
[BlackElo "2445"]
[PlyCount "80"]
[EventDate "1993.??.??"]
[EventType "swiss"]
[EventRounds "9"]
[EventCountry "AUT"]
[SourceTitle "EXT 1997"]
[Source "ChessBase"]
[SourceDate "1996.11.15"]
[SourceVersion "1"]
[SourceVersionDate "1996.11.15"]
[SourceQuality "1"]

1. e4 Nf6 2. e5 Nd5 3. d4 d6 4. Nf3 g6 5. Bc4 Nb6 6. Bb3 Bg7 7. Ng5 e6 8. f4 dxe5 9. fxe5 c5 10. c3 cxd4 11. cxd4 Nc6 12. Nf3 0-0 13. 0-0 f6 14. exf6 Qxf6 15. Be3 Nd5 16. Bf2 Nf4 17. Nc3 Nh3+ 18. gxh3 Qxf3 19. Qxf3 Rxf3 20. d5 Na5 21. Bd1 Rd3 22. Nb5 Bd7 23. Nc7 Rc8 24. Nxe6 Bxb2 25. Rb1 Rxd5 26. Nf4 Rg5+ 27. Bg3 Bd4+ 28. Kh1 Nc4 29. Rxb7 Bc6+ 30. Bf3 Bxf3+ 31. Rxf3 Nd2 32. h4 Nxf3 33. hxg5 Nxg5 34. Ne2 Bb6 35. h4 Nf7 36. Nf4 Nd6 37. Rd7 Nf5 38. Be1 Rc1 39. Nd3 Rd1 40. Kh2 Nd4 0-1

[Event "Passau op 1st"]
[Site "Passau"]
[Date "1993.??.??"]
[Round "?"]
[White "Iashvili, Akaki"]
[Black "Honfi, Karoly"]
[Result "1-0"]
[WhiteElo "2445"]
[BlackElo "2350"]
[PlyCount "61"]
[EventDate "1993.04.??"]
[EventType "swiss"]
[EventRounds "7"]
[EventCountry "GER"]
[SourceTitle "EXT 2001"]
[Source "ChessBase"]
[SourceDate "2000.11.22"]
[SourceVersion "1"]
[SourceVersionDate "2000.11.22"]
[SourceQuality "1"]

1. d4 Nf6 2. c4 c5 3. d5 e5 4. Nc3 d6 5. e4 Be7 6. Nf3 0-0 7. h3 Ne8 8. Bd3 Na6 9. a3 Nac7 10. g4 a6 11. b4 b6 12. Rb1 Bd7 13. Be3 g6 14. Rg1 Ng7 15. Bc2 Nce8 16. bxc5 bxc5 17. Ba4 f5 18. gxf5 gxf5 19. Bxd7 Qxd7 20. Qa4 Qxa4 21. Nxa4 fxe4 22. Nd2 Nf6 23. Bh6 Rf7 24. Nc3 Kh8 25. Rxg7 Rxg7 26. Bxg7+ Kxg7 27. Rb7 Kf8 28. Ndxe4 Nxe4 29. Nxe4 Ke8 30. Ke2 a5 31. Kf3 1-0

[Event "Stockerau op"]
[Site "Stockerau"]
[Date "1993.??.??"]
[Round "8"]
[White "Iashvili, Akaki"]
[Black "Szakolczai, Peter"]
[Result "1-0"]
[WhiteElo "2445"]
[BlackElo "2240"]
[PlyCount "45"]
[EventDate "1993.??.??"]
[EventType "swiss"]
[EventRounds "9"]
[EventCountry "AUT"]
[SourceTitle "EXT 1997"]
[Source "ChessBase"]
[SourceDate "1996.11.15"]
[SourceVersion "1"]
[SourceVersionDate "1996.11.15"]
[SourceQuality "1"]

1. d4 d5 2. c4 dxc4 3. e4 c5 4. d5 Nf6 5. Nc3 e6 6. Bxc4 exd5 7. exd5 Bd6 8. Nf3 0-0 9. 0-0 a6 10. Bg5 h6 11. Bh4 Bf5 12. Bd3 Bxd3 13. Qxd3 g5 14. Bg3 Bxg3 15. fxg3 Qd6 16. Nd2 Nbd7 17. Nc4 Qc7 18. d6 Qc6 19. Ne3 c4 20. Qd4 Rae8 21. Ned5 Nxd5 22. Nxd5 Kh7 23. Rf5 1-0

[Event "Passau op 1st"]
[Site "Passau"]
[Date "1993.??.??"]
[Round "?"]
[White "Schlingensiepen, Christian"]
[Black "Iashvili, Akaki"]
[Result "1/2-1/2"]
[WhiteElo "2315"]
[BlackElo "2445"]
[PlyCount "75"]
[EventDate "1993.04.??"]
[EventType "swiss"]
[EventRounds "7"]
[EventCountry "GER"]
[SourceTitle "EXT 2001"]
[Source "ChessBase"]
[SourceDate "2000.11.22"]
[SourceVersion "1"]
[SourceVersionDate "2000.11.22"]
[SourceQuality "1"]

1. e4 Nf6 2. Nc3 d5 3. exd5 Nxd5 4. Bc4 c6 5. Qf3 Nf6 6. Nge2 Bg4 7. Qg3 b5 8. f3 Bf5 9. Bb3 e6 10. d3 Na6 11. Be3 Bd6 12. Qf2 Nd5 13. Nxd5 exd5 14. 0-0 0-0 15. Ng3 Bd7 16. c3 b4 17. f4 bxc3 18. bxc3 Qa5 19. Bd4 Bc5 20. c4 Bxd4 21. Qxd4 Qc5 22. Qxc5 Nxc5 23. cxd5 Nxb3 24. axb3 cxd5 25. Ra5 Rfb8 26. Rfa1 Bb5 27. Rxa7 Rxa7 28. Rxa7 Bxd3 29. f5 Bc2 30. b4 h6 31. Ra2 Bb3 32. Rb2 Bc4 33. Kf2 d4 34. Ne2 Rd8 35. Rd2 d3 36. Nf4 Rb8 37. Nxd3 Bxd3 38. Rxd3 1/2-1/2

[Event "Belgrade IKO"]
[Site "Belgrade"]
[Date "1992.??.??"]
[Round "8"]
[White "Damljanovic, Branko"]
[Black "Iashvili, Akaki"]
[Result "1/2-1/2"]
[WhiteElo "2595"]
[BlackElo "2455"]
[PlyCount "69"]
[EventDate "1992.07.??"]
[EventType "tourn"]
[EventRounds "13"]
[EventCountry "YUG"]
[EventCategory "10"]
[SourceTitle "CBM 031"]
[Source "ChessBase"]
[SourceDate "1992.12.01"]
[SourceVersion "1"]
[SourceVersionDate "1992.12.01"]
[SourceQuality "1"]

1. Nf3 c5 2. c4 g6 3. d4 cxd4 4. Nxd4 Nc6 5. e4 Bg7 6. Be3 Nf6 7. Nc3 Ng4 8. Qxg4 Nxd4 9. Qd1 Ne6 10. Qd2 b6 11. Be2 Bb7 12. 0-0 0-0 13. f3 f5 14. exf5 gxf5 15. Nd5 Nc7 16. Nc3 Qe8 17. f4 d6 18. Bf3 Bxf3 19. Rxf3 Rd8 20. Re1 Qf7 21. Bf2 e5 22. b3 Kh8 23. Rd3 e4 24. Rg3 d5 25. Rxg7 Kxg7 26. Bd4+ Kg8 27. Re3 Rd6 28. Be5 Rg6 29. cxd5 Rd8 30. Re1 Qe7 31. Rd1 Qc5+ 32. Bd4 Qd6 33. Be5 Qc5+ 34. Bd4 Qd6 35. Be5 1/2-1/2

[Event "Belgrade IKO"]
[Site "Belgrade"]
[Date "1992.??.??"]
[Round "1"]
[White "Iashvili, Akaki"]
[Black "Ilincic, Zlatko"]
[Result "0-1"]
[WhiteElo "2455"]
[BlackElo "2445"]
[PlyCount "60"]
[EventDate "1992.07.??"]
[EventType "tourn"]
[EventRounds "13"]
[EventCountry "YUG"]
[EventCategory "10"]
[SourceTitle "CBM 031"]
[Source "ChessBase"]
[SourceDate "1992.12.01"]
[SourceVersion "1"]
[SourceVersionDate "1992.12.01"]
[SourceQuality "1"]

1. d4 Nf6 2. c4 g6 3. Nc3 d5 4. cxd5 Nxd5 5. e4 Nxc3 6. bxc3 Bg7 7. Nf3 0-0 8. Be2 c5 9. Rb1 Nc6 10. d5 Bxc3+ 11. Bd2 Bxd2+ 12. Qxd2 Na5 13. Qc3 b6 14. Rd1 f6 15. h4 Bg4 16. Ng5 Qd7 17. Nxh7 Bxe2 18. Nxf8 Qg4 19. Rd2 Ba6 20. f3 Qg3+ 21. Kd1 Rxf8 22. h5 Nc4 23. Re2 Nd6 24. Rc2 Bb5 25. Rh3 Qg5 26. Rf2 Bd7 27. Rh1 Qg3 28. Qd2 g5 29. Kc1 Nc4 30. Qe2 Qe5 0-1

[Event "Belgrade IKO"]
[Site "Belgrade"]
[Date "1992.??.??"]
[Round "6"]
[White "Levin, Felix"]
[Black "Iashvili, Akaki"]
[Result "1-0"]
[WhiteElo "2475"]
[BlackElo "2455"]
[PlyCount "79"]
[EventDate "1992.07.??"]
[EventType "tourn"]
[EventRounds "13"]
[EventCountry "YUG"]
[EventCategory "10"]
[SourceTitle "CBM 031"]
[Source "ChessBase"]
[SourceDate "1992.12.01"]
[SourceVersion "1"]
[SourceVersionDate "1992.12.01"]
[SourceQuality "1"]

1. d4 Nf6 2. c4 g6 3. Nc3 Bg7 4. e4 d6 5. Be2 0-0 6. Bg5 c5 7. d5 h6 8. Bf4 b5 9. cxb5 a6 10. a4 axb5 11. axb5 Rxa1 12. Qxa1 g5 13. Bd2 e6 14. h4 g4 15. Qc1 exd5 16. exd5 h5 17. Bc4 Nbd7 18. Nge2 Ne5 19. b3 Bf5 20. 0-0 Ne4 21. Nxe4 Bxe4 22. Bg5 f6 23. Bh6 f5 24. Bg5 Bf6 25. Ng3 Bxg5 26. Qxg5+ Qxg5 27. hxg5 Nxc4 28. Nxe4 fxe4 29. bxc4 Kg7 30. Ra1 Kg6 31. Ra7 Kxg5 32. Re7 h4 33. Rxe4 g3 34. fxg3 hxg3 35. Re3 Kg4 36. Rb3 Ra8 37. Kf1 Ra1+ 38. Ke2 Ra2+ 39. Ke3 Rxg2 40. b6 1-0

[Event "Belgrade IKO"]
[Site "Belgrade"]
[Date "1992.??.??"]
[Round "2"]
[White "Ostojic, Nikola"]
[Black "Iashvili, Akaki"]
[Result "1/2-1/2"]
[WhiteElo "2460"]
[BlackElo "2455"]
[PlyCount "120"]
[EventDate "1992.07.??"]
[EventType "tourn"]
[EventRounds "13"]
[EventCountry "YUG"]
[EventCategory "10"]
[SourceTitle "CBM 031"]
[Source "ChessBase"]
[SourceDate "1992.12.01"]
[SourceVersion "1"]
[SourceVersionDate "1992.12.01"]
[SourceQuality "1"]

1. d4 Nf6 2. c4 g6 3. Nc3 Bg7 4. e4 d6 5. Be2 0-0 6. Nf3 e5 7. dxe5 dxe5 8. Qxd8 Rxd8 9. Bg5 c6 10. Nxe5 Re8 11. 0-0-0 Na6 12. Rd6 Nxe4 13. Nxe4 Bxe5 14. Nf6+ Bxf6 15. Bxf6 Nc5 16. Bf3 Bf5 17. Rhd1 Re6 18. Rd8+ Re8 19. Rxa8 Rxa8 20. g4 Be6 21. b3 Nd7 22. Bd4 f6 23. h3 Kf7 24. Be2 a6 25. f4 b5 26. Bb2 Rc8 27. Kb1 Nc5 28. cxb5 axb5 29. Bf3 Nd7 30. Rd6 c5 31. a4 Ke7 32. Ra6 b4 33. Bd1 f5 34. g5 c4 35. bxc4 Bxc4 36. Bf6+ Kf7 37. Rd6 Nc5 38. Bd4 b3 39. Bxc5 Rxc5 40. Kb2 Rc7 41. Rd4 Be6 42. Rb4 h6 43. gxh6 Kg8 44. Rb6 Bf7 45. a5 Kh7 46. a6 Bd5 47. Bxb3 Be4 48. Rd6 Kxh6 49. Bd1 Bg2 50. h4 Kg7 51. Bb3 Kh6 52. Bd1 Kg7 53. Kb3 Re7 54. Bc2 Re3+ 55. Rd3 Re7 56. Kb4 Re4+ 57. Ka5 Rxf4 58. Rg3 Rg4 59. Rc3 Rxh4 60. a7 Rh8 1/2-1/2

[Event "Moscow3"]
[Site "Moscow"]
[Date "1991.??.??"]
[Round "?"]
[White "Cosma, Ioan"]
[Black "Iashvili, Akaki"]
[Result "1-0"]
[WhiteElo "2405"]
[BlackElo "2390"]
[PlyCount "63"]
[EventDate "1991.03.??"]
[EventType "tourn"]
[EventRounds "11"]
[EventCountry "URS"]
[EventCategory "8"]
[SourceTitle "CBM 022 Extra"]
[Source "ChessBase"]
[SourceDate "1991.07.01"]
[SourceVersion "1"]
[SourceVersionDate "1991.07.01"]
[SourceQuality "1"]

1. d4 Nf6 2. c4 g6 3. Nc3 d5 4. Nf3 Bg7 5. cxd5 Nxd5 6. e4 Nxc3 7. bxc3 c5 8. Rb1 0-0 9. Be2 Nc6 10. d5 Ne5 11. Nxe5 Bxe5 12. Qd2 b6 13. f4 Bg7 14. c4 e6 15. Bb2 Bxb2 16. Rxb2 Re8 17. e5 Bb7 18. 0-0 exd5 19. Bf3 f6 20. Re1 fxe5 21. fxe5 Qc7 22. Bxd5+ Bxd5 23. Qxd5+ Kh8 24. e6 Qg7 25. Rd2 Qf6 26. e7 Rac8 27. Qd7 Kg7 28. Qxa7 Qh4 29. Rf2 Qxc4 30. Qxb6 Qd5 31. Qf6+ Kg8 32. h4 1-0

[Event "Moscow2"]
[Site "Moscow"]
[Date "1991.??.??"]
[Round "?"]
[White "Iashvili, Akaki"]
[Black "Ksieski, Zbigniew"]
[Result "1/2-1/2"]
[WhiteElo "2390"]
[BlackElo "2370"]
[PlyCount "55"]
[EventDate "1991.??.??"]
[EventType "tourn"]
[EventRounds "11"]
[EventCountry "URS"]
[EventCategory "5"]
[SourceTitle "CBM 021 Extra"]
[Source "ChessBase"]
[SourceDate "1991.05.01"]
[SourceVersion "1"]
[SourceVersionDate "1991.05.01"]
[SourceQuality "1"]

1. d4 Nf6 2. c4 e6 3. Nc3 Bb4 4. Qc2 0-0 5. a3 Bxc3+ 6. Qxc3 Qe8 7. g3 d6 8. Bg2 e5 9. dxe5 dxe5 10. b4 Nc6 11. Bb2 Bf5 12. Nf3 Be4 13. 0-0 Rd8 14. Rad1 Nd4 15. Nxd4 exd4 16. Rxd4 Rxd4 17. Qxd4 Bxg2 18. Kxg2 Qxe2 19. Rd1 h5 20. Rd2 Qe1 21. Qe3 Qxe3 22. fxe3 Ng4 23. Kf3 f6 24. h3 Nh6 25. Rd5 Nf7 26. h4 Nd6 27. Rd4 Rd8 28. Kf4 1/2-1/2